New Headway. Advanced. Class Cassette 2.

Guardado en:
Detalles Bibliográficos
Autores principales: Soars, Liz, Soars, John (Autor)
Formato: Cassette Libro
Lenguaje:inglés
Publicado: Oxford Oxford University Press 2003
Edición:1. vyd.
Acceso en línea:Ver en el OPAC
Etiquetas: Agregar Etiqueta
Sin Etiquetas, Sea el primero en etiquetar este registro!

MARC

LEADER 00000nam a2200000 a 4500
005 20260127134409.0
007 ss
008 050201 2003 enk 000 0 eng d
020 |a 0194369331 
035 |a vtls001491602 
039 9 |a 200504191201  |b mschk03  |c 200502101203  |d mschk04  |y 200502011120  |z mschk03 
040 |a STUSCHK1  |b slo  |c STUSCHK1  |e AACR2 
080 |a 802.0 
100 1 |a Soars, Liz 
245 1 |a New Headway.  |b Advanced. Class Cassette 2. 
250 |a 1. vyd. 
260 |a Oxford  |b Oxford University Press  |c 2003 
700 1 |a Soars, John  |4 aut. 
910 |a SCHK95 
919 |a 0-19436933-1 
999 |c 11780  |d 11780